Mantras for Peace of Mind (Record no. 9375)

MARC details
000 -LEADER
fixed length control field 00378nam a22001457a 4500
008 - FIXED-LENGTH DATA ELEMENTS--GENERAL INFORMATION
fixed length control field 230228b |||||||| |||| 00| 0 eng d
020 ## - INTERNATIONAL STANDARD BOOK NUMBER
International Standard Book Number 978-81-8495-653-5
082 ## - DEWEY DECIMAL CLASSIFICATION NUMBER
Classification number 294.53
100 ## - MAIN ENTRY--PERSONAL NAME
Personal name J.P. Vaswani
245 ## - TITLE STATEMENT
Title Mantras for Peace of Mind
260 ## - PUBLICATION, DISTRIBUTION, ETC.
Name of publisher, distributor, etc. Jaico Publishing House,
Date of publication, distribution, etc. 2015
300 ## - PHYSICAL DESCRIPTION
Extent 175 p.
Dimensions 19.5 cm
942 ## - Added entry Elements (Koha)
Source of classification or shelving scheme Dewey Decimal Classification
Holdings
Withdrawn status Lost status Source of classification or shelving scheme Damaged status Not for loan Collection code Home library Current library Shelving location Date acquired Serial Enumeration / chronology Total Checkouts Full call number Barcode Date last seen Date last checked out Price effective from Koha item type
    Dewey Decimal Classification     Popular Collection RTC Library RTC Library Popular Collection 28/02/2023 177097 3 294.53 VAS 30018120 15/12/2025 31/10/2025 28/02/2023 Main
Royal Thimphu College || All Right Reserved